00277nam a22000857a 4500008004100000010001700041245006900058260002300127500004100150150728b xxu||||| |||| 00| 0 eng d 8HCCRSARF:038 aHIGH COURT CRIMINAL SESSION NO.24 OF 1978 Uganda Vs Valeri Dipo aHigh Court Kampala 3BEFORE: Hon. Mr. Justice M.A.A. Khan